000 00636nam a2200229 a 4500
001 67348
003 BD-RjUL
005 20211209081636.0
008 170323s1967 nyua b 001 0 eng
035 _a(BD-RjUL)67479
040 _aDLC/ICU
_cICU
_dBD-RjUL
_beng
041 _aeng
082 0 0 _a530.12
_223
_bHAI 1967
100 1 _aHameka, Hendrik F.
_9199543
245 1 0 _aIntroduction to quantum theory /
_cHendrik F. Hameka.
260 _aNew York :
_bHarper & Row
_cc1967.
300 _ax, 276 p. :
_bill. ;
_c25 cm.
500 _aIncludes index
650 0 _aQuantum theory.
_9199544
942 _2ddc
_cBK
999 _c67348
_d67348